Flags of the Middle East - Statistics

General Stats
  • This quiz has been taken 20 times
  • The average score is 17 of 17
Answer Stats
Picture Answer % Correct
Cyprus
100%
Iran
100%
Israel
100%
Jordan
100%
Lebanon
100%
Oman
100%
Qatar
100%
Saudi Arabia
100%
Syria
100%
Turkey
100%
Yemen
100%
Bahrain
94%
Egypt
94%
Iraq
94%
Palestine
94%
Kuwait
89%
United Arab Emirates/uae
89%
No matching quizzes found
Score Distribution
Percent of People with Each Score
Percentile by Number Answered
Your Score History
You have not taken this quiz